Základy anatomie pro maséry / Ivan Dylevský
Record details
- ISBN: 80-7254-275-3
- Physical Description: 271 s. : il. ; 22 x 24 cm
- Edition: Vyd. 1.
- Publisher: Praha : Triton, 2003
Search for related items by subject
| Subject: | anatomie člověka human anatomy |
| Genre: | učebnice textbooks |
Available copies
- 1 of 1 copy available at Common Catalog SPOK.
Holds
- 0 current holds with 1 total copy.
Show Only Available Copies
| Location | Call Number / Copy Notes | Barcode | Shelving Location | Status | Due Date |
|---|---|---|---|---|---|
| Jabok Library | VO-3.8/D | 424480015062 | Odborná literatura | Available | - |
Electronic resources
Version of Resource: Digitalizovaný dokument
| LDR | 01050nam a2200325 a 4500 | ||
|---|---|---|---|
| 001 | 15131 | ||
| 003 | CZ-PrJAB | ||
| 005 | 20200205103748.0 | ||
| 007 | tu | ||
| 008 | 030416s2003 xr a e 000 0 cze | ||
| 015 | . | ‡acnb001202676 | |
| 020 | . | ‡a80-7254-275-3 ‡q(váz.) | |
| 035 | . | ‡a(CZ PrNK)cpk20031202676 | |
| 035 | . | ‡a(OCoLC)53271099 | |
| 040 | . | ‡aABA001 ‡bcze | |
| 072 | 7. | ‡a611 ‡xAnatomie člověka a srovnávací anatomie ‡2Konspekt ‡914 | |
| 080 | . | ‡a611 ‡2MRF | |
| 080 | . | ‡a(075) ‡2MRF | |
| 100 | 1 | . | ‡aDylevský, Ivan, ‡d1940- ‡7jk01030257 ‡4aut |
| 245 | 1 | 0. | ‡aZáklady anatomie pro maséry / ‡cIvan Dylevský |
| 250 | . | ‡aVyd. 1. | |
| 260 | . | ‡aPraha : ‡bTriton, ‡c2003 | |
| 300 | . | ‡a271 s. : ‡bil. ; ‡c22 x 24 cm | |
| 650 | 0 | 7. | ‡aanatomie člověka ‡7ph118421 ‡2czenas |
| 650 | 0 | 9. | ‡ahuman anatomy ‡2eczenas |
| 655 | 7. | ‡aučebnice ‡7fd133770 ‡2czenas | |
| 655 | 9. | ‡atextbooks ‡2eczenas | |
| 856 | 4 | 1. | ‡uhttp://krameriusndk.nkp.cz/search/handle/uuid:df8fd150-6352-11e4-8214-005056827e51 ‡yDigitalizovaný dokument |
| 910 | . | ‡aABG312 | |
| 995 | . | ‡aska | |
| 901 | . | ‡a15131 ‡bCZ PrNK ‡c15131 ‡tbiblio | |